|
|
|
|
| LEADER |
00000cam a2200000 7i4500 |
| 001 |
0000028657 |
| 005 |
20241125.0 |
| 008 |
200106 njua eng |
| 020 |
|
|
|a 9781119465812
|
| 040 |
|
|
|a INS
|b eng
|e rda
|
| 090 |
0 |
0 |
|a QA279
|b D46 2019
|
| 100 |
1 |
|
|a Denis, Daniel J. ,
|e author
|
| 245 |
1 |
0 |
|a SPSS data analysis for univariate, bivariate, and multivariate statistics
|c Daniel J. Denis
|
| 250 |
|
|
|a First edition
|
| 264 |
|
1 |
|a Hoboken, NJ :
|b John Wiley & Sons
|c 2019
|
| 264 |
|
4 |
|c ©2019
|
| 300 |
|
|
|a x, 205 pages :
|b illustrations ;
|c 24 cm.
|
| 336 |
|
|
|a text
|2 rdacontent
|
| 337 |
|
|
|a unmediated
|2 rdamedia
|
| 338 |
|
|
|a volume
|2 rdacarrier
|
| 500 |
|
|
|a Includes index
|
| 504 |
|
|
|a Includes bibliographical references
|
| 650 |
|
0 |
|a Analysis of variance
|x Data processing
|
| 650 |
|
0 |
|a Mathematical statistics
|x Data processing
|
| 650 |
|
0 |
|a Multivariate analysisi
|x Data processing
|
| 650 |
|
0 |
|a SPSS (Computer file)
|x Handbooks, manuals, etc.
|
| 999 |
|
|
|a 1000003876
|b BOOK
|c Open Shelf
|e Default branch
|